Normal view MARC view
  • Kasande, Pallavi

Entry Personal Name

Number of records used in: 1

001 - CONTROL NUMBER

  • control field: 88794

003 - CONTROL NUMBER IDENTIFIER

  • control field: OSt

005 - DATE AND TIME OF LATEST TRANSACTION

  • control field: 20220809075858.0

008 - FIXED-LENGTH DATA ELEMENTS

  • fixed length control field: 220809|| aca||aabn | a|a d

040 ## - CATALOGING SOURCE

  • Original cataloging agency: OSt
  • Transcribing agency: OSt

100 ## - HEADING--PERSONAL NAME

  • Personal name: Kasande, Pallavi

670 ## - SOURCE DATA FOUND

  • Source citation: Work cat.: (OSt)48854: Kasande, Pallavi, स्व अभ्यास तंत्र मंत्र (Swa Abhas Tantra Mantra), 2006